000 00489nam a2200157 i 4500
001 79434
003 ES-MaACL
005 20230906173957.0
007 t|
008 041021s1902 mx ||||1| spa d
100 1 _aHernández, Fortunato.
_962812
245 1 4 _aLas razas indígenas de Sonora y la guerra del Yaqui /
_cpor Fortunato Hernández.
260 _aMéxico :
_b[s.n.,
_c1902] (
_fJ. de Elizalde)
300 _aXIX, 295 p., 43 lám. :
_bil. ;
_c34 cm.
852 _aES-MaACL
_jB-12025
999 _c79434
_d79434